Fr. Conceicao Rodrigues College of Engineering

Principles of communication systems (Record no. 21273)

MARC details
000 -LEADER
fixed length control field 00426nam a2200181Ia 4500
082 ## - DEWEY DECIMAL CLASSIFICATION NUMBER
Classification number 004.6/TAU
Item number TAU
100 ## - MAIN ENTRY--PERSONAL NAME
Personal name Taub/Herbert/ Schilling/D.L
250 ## - EDITION STATEMENT
Edition statement 3
245 ## - TITLE STATEMENT
Title Principles of communication systems
260 ## - PUBLICATION, DISTRIBUTION, ETC.
Name of publisher, distributor, etc. Tata Mc Graw hill Ltd.
Place of publication, distribution, etc. New Delhi
Date of publication, distribution, etc. 2008
366 ## - TRADE AVAILABILITY INFORMATION
Publishers's discount category 17.5
300 ## - PHYSICAL DESCRIPTION
Extent 842
546 ## - LANGUAGE NOTE
Language note ENGLISH
650 ## - SUBJECT ADDED ENTRY--TOPICAL TERM
Topical term or geographic name entry element Communication system
654 ## - SUBJECT ADDED ENTRY--FACETED TOPICAL TERMS
Focus term communication
942 ## - ADDED ENTRY ELEMENTS (KOHA)
Koha item type BOOK
Holdings
Withdrawn status Lost status Damaged status Not for loan Collection Home library Current library Date acquired Source of acquisition Cost, normal purchase price Inventory number Total Checkouts Full call number Barcode Date last seen Cost, replacement price Price effective from Koha item type Date last checked out
        CRC Fr. Agnel's C.Rodrigues College of Engineering Fr. Agnel's C.Rodrigues College of Engineering 17/03/2023 Educational books and periodicals 288.75 189 dt 09/02/2009   004.6/TAU TAU 19332 17/03/2023 350.00   BOOK  
        CRC Fr. Agnel's C.Rodrigues College of Engineering Fr. Agnel's C.Rodrigues College of Engineering 17/03/2023 Educational books and periodicals 288.75 189 dt 09/02/2009   004.6/TAU TAU 19333 17/03/2023 350.00   BOOK  
        CRC Fr. Agnel's C.Rodrigues College of Engineering Fr. Agnel's C.Rodrigues College of Engineering 17/03/2023 Educational books and periodicals 288.75 189 dt 09/02/2009 1 004.6/TAU TAU 19334 01/12/2025 350.00   BOOK 25/09/2025
        CRC Fr. Agnel's C.Rodrigues College of Engineering Fr. Agnel's C.Rodrigues College of Engineering 17/03/2023 Educational books and periodicals 288.75 189 dt 09/02/2009   004.6/TAU TAU 19335 17/03/2023 350.00   BOOK  
        CRC Fr. Agnel's C.Rodrigues College of Engineering Fr. Agnel's C.Rodrigues College of Engineering 17/03/2023 Educational books and periodicals 288.75 189 dt 09/02/2009   004.6/TAU TAU 19336 17/03/2023 350.00   BOOK